000 00396nam a2200169Ia 4500
001 10968
005 20250626030819.0
008 211022s9999 xx 000 0 und d
082 _a325.02 RAI
100 _aRail Transport Museum (New Delhi, India)
245 0 _aRail Transport Museum, India
260 _aNew Delhi
260 _bThe Museum
260 _c1980
300 _a60
942 _cBK
999 _c12434
_d12434